000 00714nam a2200205 u 4500
005 20210223131054.0
008 090820s2006 mx r 000 0 spa d
020 _a9706841423
035 _aUPN01000171945
049 _aCG
050 4 _aPN4748 M6
_bD4.4
100 1 _aDelgado Carranco, Susana María
245 1 0 _aLibertad de imprenta, política y educación :
_bsu planteamiento y discusión en el Diario de México, 1810-1817/
_cSusana María Delgado Carranco.
260 _aMéxico :
_bInstituto Mora,
_c2006.
300 _a290 p.
440 0 _aHistoria social y cultural
650 4 _aLIBERTAD DE PRENSA -
_zMEXICO -
_xHISTORIA -
_ySIGLO XIX
_914947
610 2 4 _aDIARIO DE MEXICO
_914981
905 _aLibro
999 _c144049
_d144049